=LDR 00000nam 2200000 4500 =001 INLIS000000000001361 =005 20130612085752 =008 ***********************************Ind** =035 ##$$0010-061300000001361 =041 ##$$a Ind =082 ##$$a 400.7 =090 ##$$a 400.7, Sur-m =100 ##$$a SURANA =245 ##$$a Materi pelajaran Bahasa Indonesia untuk SLTP, Berdasarkan kurikulum Pendidikan Dasar 1994 GBPP SLTP, Surana =260 ##$$a 1995 $b Solo =300 ##$$a ...jil, ilus, 28 cm =650 ##$$a Bahasa Indonesia =650 ##$$a Pelajaran =850 ##$$a NBPNMAT